[Event "Hamburg HSK Christmas op 1st"]
[Site "Hamburg"]
[Date "2015.12.28"]
[Round "5"]
[White "Trumpa, Jan"]
[Black "Kuberczyk, Christoph"]
[Result "0-1"]
[WhiteElo "1853"]
[BlackElo "2160"]
[PlyCount "88"]
[EventDate "2015.12.27"]
[EventType "swiss"]
[EventRounds "7"]
[EventCountry "GER"]
[SourceTitle "EXT 2022"]
[Source "ChessBase"]
[SourceDate "2021.10.06"]
[SourceVersion "1"]
[SourceVersionDate "2021.10.06"]
[SourceQuality "1"]

1. e4 c5 2. Nf3 d6 3. d4 cxd4 4. Nxd4 Nf6 5. Nc3 a6 6. Be2 e6 7. Bg5 Qb6 8. Nb3 Nbd7 9. Be3 Qc7 10. f4 b5 11. Bf3 Bb7 12. 0-0 b4 13. Na4 Nxe4 14. Qd4 d5 15. Bxe4 dxe4 16. Rfd1 Rc8 17. Rd2 Bc6 18. Nb6 Nxb6 19. Qxb6 Qxb6 20. Bxb6 f5 21. Re1 Bd5 22. Nd4 g6 23. Kf2 Bd6 24. g3 Ke7 25. Red1 Rb8 26. Ba7 Rb7 27. Nc6+ Kd7 28. Bd4 Rc8 29. Ne5+ Ke7 30. g4 Bc5 31. Bxc5+ Rxc5 32. gxf5 gxf5 33. Rg1 Kf6 34. Rg8 Rbc7 35. Rf8+ Kg7 36. Rd8 Rxc2 37. Rd7+ Kf8 38. Ke3 Rxd2 39. Kxd2 Rxd7 40. Nxd7+ Ke7 41. Ne5 Kd6 42. h4 Kc5 43. Ke3 Bxa2 44. h5 a5 0-1

[Event "Hamburg HSK Christmas op 1st"]
[Site "Hamburg"]
[Date "2015.12.27"]
[Round "2"]
[White "Reddmann, Hauke"]
[Black "Trumpa, Jan"]
[Result "1-0"]
[WhiteElo "2247"]
[BlackElo "1853"]
[PlyCount "71"]
[EventDate "2015.12.27"]
[EventType "swiss"]
[EventRounds "7"]
[EventCountry "GER"]
[SourceTitle "EXT 2022"]
[Source "ChessBase"]
[SourceDate "2021.10.06"]
[SourceVersion "1"]
[SourceVersionDate "2021.10.06"]
[SourceQuality "1"]

1. d4 d5 2. Bf4 Nf6 3. e3 e6 4. c4 Bb4+ 5. Nc3 0-0 6. Qb3 Nc6 7. Nf3 a5 8. a3 a4 9. Qc2 Bxc3+ 10. bxc3 Ne7 11. h3 Ng6 12. Bh2 c6 13. Bd3 Re8 14. 0-0 Nd7 15. Rfb1 dxc4 16. Bxc4 e5 17. Bd3 exd4 18. cxd4 Ndf8 19. Rb4 Ra5 20. Rxa4 Rh5 21. Ra8 Qf6 22. Qd1 Nh4 23. Nxh4 Rxh4 24. Bg3 Rh6 25. Qf1 Ng6 26. Rb1 Qe7 27. Qc1 Rh5 28. Qd2 Rd5 29. Bc4 Rdd8 30. Qb4 Qf6 31. Qc5 b5 32. Ba2 Bf5 33. Rxd8 Rxd8 34. Rc1 Be4 35. f3 Bxf3 36. Rf1 1-0

[Event "Hamburg St Pauli op-B"]
[Site "Hamburg"]
[Date "2013.07.10"]
[Round "6"]
[White "Trumpa, Jan"]
[Black "Freuer, Ralf"]
[Result "1-0"]
[WhiteElo "1810"]
[BlackElo "1896"]
[PlyCount "101"]
[EventDate "2013.07.06"]
[EventType "swiss"]
[EventRounds "9"]
[EventCountry "GER"]
[SourceTitle "EXT 2014"]
[Source "ChessBase"]
[SourceDate "2013.11.20"]
[SourceVersion "1"]
[SourceVersionDate "2013.11.20"]
[SourceQuality "1"]

1. c4 c6 2. g3 g6 3. Bg2 Bg7 4. Nc3 Nf6 5. e4 d6 6. Nge2 e5 7. d3 0-0 8. 0-0 Be6 9. f4 Qd7 10. Rb1 b5 11. cxb5 cxb5 12. f5 b4 13. fxe6 Qxe6 14. Nd5 Nxd5 15. exd5 Qe7 16. Be3 Nd7 17. Qd2 a5 18. d4 e4 19. Bh6 e3 20. Bxe3 Rfe8 21. Rf3 Nb6 22. Rc1 Nxd5 23. Kf1 Ra7 24. Kf2 Nf6 25. Kf1 Ng4 26. Bg1 Bh6 27. Nf4 g5 28. Nd5 Qd7 29. h3 Qb5+ 30. Qd3 Qxd5 31. hxg4 Qxa2 32. Re3 Rxe3 33. Bxe3 Re7 34. Be4 Qe6 35. Bxh7+ Kg7 36. Kf2 Qxg4 37. Bf5 Qh5 38. Kg2 g4 39. Bxh6+ Qxh6 40. Rh1 Qg5 41. Bxg4 Qxg4 42. Qh7+ Kf8 43. Qh8+ Qg8 44. Qh6+ Qg7 45. Qxd6 Ke8 46. Qb8+ Kd7 47. Qb5+ Kd6 48. Qb6+ Kd7 49. Qb5+ Kd6 50. Rc1 Rd7 51. Qc5+ 1-0

[Event "Hamburg St Pauli op-B"]
[Site "Hamburg"]
[Date "2013.07.08"]
[Round "3"]
[White "Kiani Anaraki, Reza"]
[Black "Trumpa, Jan"]
[Result "1/2-1/2"]
[WhiteElo "1750"]
[BlackElo "1810"]
[PlyCount "59"]
[EventDate "2013.07.06"]
[EventType "swiss"]
[EventRounds "9"]
[EventCountry "GER"]
[SourceTitle "EXT 2014"]
[Source "ChessBase"]
[SourceDate "2013.11.20"]
[SourceVersion "1"]
[SourceVersionDate "2013.11.20"]
[SourceQuality "1"]

1. e4 e6 2. d4 d5 3. exd5 exd5 4. Bd3 Bd6 5. Nf3 Nf6 6. 0-0 0-0 7. Bg5 Bg4 8. Nbd2 Nbd7 9. c3 c6 10. Qc2 Qc7 11. Rfe1 Rae8 12. Bh4 h6 13. Bg3 Bxg3 14. hxg3 Rxe1+ 15. Rxe1 Re8 16. Rxe8+ Nxe8 17. Nh4 Ndf6 18. Ndf3 Bxf3 19. Nxf3 Qe7 20. Ne5 Nd7 21. Nxd7 Qxd7 22. Qe2 Qe6 23. Qxe6 fxe6 24. f4 Kf7 25. Kf2 Kf6 26. g4 g5 27. g3 Nd6 28. Kf3 Nf7 29. b4 b5 30. Ke3 1/2-1/2

[Event "Niedersachsen-chT U16"]
[Site "Verden an der Aller"]
[Date "2008.05.03"]
[Round "4.2"]
[White "Trumpa, Jan"]
[Black "Krause, Maximilian"]
[Result "1-0"]
[WhiteElo "1603"]
[BlackElo "1427"]
[PlyCount "87"]
[EventDate "2008.05.01"]
[EventType "team"]
[EventRounds "7"]
[EventCountry "GER"]
[SourceTitle "EXT 2009"]
[Source "ChessBase"]
[SourceDate "2008.11.26"]
[SourceVersion "1"]
[SourceVersionDate "2008.11.26"]
[SourceQuality "1"]

1. e4 c5 2. Nf3 Nc6 3. Bc4 e6 4. Nc3 a6 5. a4 d6 6. 0-0 Be7 7. d4 cxd4 8. Nxd4 Nf6 9. Qd3 Ne5 10. Qe2 0-0 11. Bd3 Nxd3 12. cxd3 d5 13. e5 Nd7 14. Nf3 f6 15. Bd2 fxe5 16. Nxe5 Nxe5 17. Qxe5 Bd6 18. Qd4 Qc7 19. h3 Bc5 20. Qh4 Qd6 21. b4 Ba7 22. Ne2 b5 23. axb5 axb5 24. d4 Bb7 25. Qg4 e5 26. Bc3 e4 27. Ng3 Bc8 28. Qg5 Rf6 29. Ra3 Rg6 30. Qe3 h5 31. Rfa1 Qc7 32. Nxh5 Qe7 33. Ng3 Qc7 34. Ne2 Kh7 35. Qf4 Qd7 36. Ng3 Bb8 37. Qh4+ Rh6 38. Qg5 Rxa3 39. Rxa3 Qf7 40. Bd2 Bxg3 41. Rxg3 Qa7 42. Qe5 Rf6 43. Qh5+ Kg8 44. Qxd5+ 1-0

[Event "Niedersachsen-ch U16"]
[Site "Rotenburg"]
[Date "2008.03.16"]
[Round "2"]
[White "Kaiser, Jonas"]
[Black "Trumpa, Jan"]
[Result "1-0"]
[WhiteElo "1786"]
[BlackElo "1520"]
[PlyCount "55"]
[EventDate "2008.03.15"]
[EventType "swiss"]
[EventRounds "9"]
[EventCountry "GER"]
[SourceTitle "EXT 2009"]
[Source "ChessBase"]
[SourceDate "2008.11.26"]
[SourceVersion "1"]
[SourceVersionDate "2008.11.26"]
[SourceQuality "1"]

1. d4 d5 2. c4 c6 3. Nc3 Nf6 4. cxd5 Nxd5 5. e4 Nf6 6. Bc4 e6 7. Nf3 Be7 8. 0-0 0-0 9. Qe2 Qc7 10. e5 Nd5 11. Qe4 Re8 12. Bd3 g6 13. Ng5 Bf8 14. Qh4 h5 15. g4 Bg7 16. gxh5 gxh5 17. Qxh5 Kf8 18. Nh7+ Kg8 19. Nxd5 exd5 20. Nf6+ Kf8 21. Nxe8 Kxe8 22. Kh1 Be6 23. Rg1 Bf8 24. f4 Na6 25. f5 Nb4 26. Bb1 Bd7 27. a3 Na6 28. Bh6 1-0

[Event "Niedersachsen-chT U16"]
[Site "Stade"]
[Date "2007.05.19"]
[Round "5.1"]
[White "Kusmierek, Phillip"]
[Black "Trumpa, Jan"]
[Result "1/2-1/2"]
[WhiteElo "1841"]
[BlackElo "1262"]
[PlyCount "131"]
[EventDate "2007.05.17"]
[EventType "team-tourn"]
[EventRounds "7"]
[EventCountry "GER"]
[SourceTitle "EXT 2008"]
[Source "ChessBase"]
[SourceDate "2007.11.25"]
[SourceVersion "1"]
[SourceVersionDate "2007.11.25"]
[SourceQuality "1"]

1. e4 e5 2. Nf3 Nc6 3. d4 exd4 4. Nxd4 d6 5. Bc4 Nf6 6. Nc3 Be7 7. 0-0 0-0 8. f4 Nxd4 9. Qxd4 c6 10. Kh1 Be6 11. Bxe6 fxe6 12. e5 dxe5 13. Qxe5 Qd6 14. Qe2 Rad8 15. g3 b5 16. a3 a5 17. Rd1 Nd5 18. Ne4 Qd7 19. Be3 Qc8 20. Bc5 Bxc5 21. Nxc5 Rfe8 22. Re1 Nc7 23. c4 Rd6 24. Ne4 Rd4 25. cxb5 cxb5 26. Ng5 Qb7+ 27. Kg1 Qb6 28. Kf1 Rf8 29. Rac1 h6 30. Nf3 Rd6 31. Ne5 Rfd8 32. Rc2 Qb7 33. Kg1 Ne8 34. Rec1 Nf6 35. Re1 b4 36. axb4 axb4 37. Nc4 Rc6 38. Rd1 Rxd1+ 39. Qxd1 Qa7+ 40. Kg2 Qa8 41. Qf3 Qc8 42. b3 Nd5 43. Re2 Nc3 44. Re5 Qa8 45. Ra5 Qc8 46. Nd6 Qd8 47. Qxc6 Qxa5 48. Qc8+ Kh7 49. Qxe6 Qc7 50. f5 Nd1 51. Qg6+ Kg8 52. f6 Qc6+ 53. Kh3 Nf2+ 54. Kh4 Qd7 55. Qxg7+ Qxg7 56. fxg7 Kxg7 57. Kh5 Nd3 58. Nf5+ Kh7 59. Nxh6 Nc1 60. Nf5 Nxb3 61. Ne3 Nd2 62. g4 b3 63. Nd1 Nc4 64. g5 b2 65. Nc3 Nd2 66. g6+ 1/2-1/2

[Event "Niedersachsen-chT U16"]
[Site "Stade"]
[Date "2007.05.19"]
[Round "6.2"]
[White "Orschulik, Nils"]
[Black "Trumpa, Jan"]
[Result "1-0"]
[WhiteElo "1753"]
[BlackElo "1262"]
[PlyCount "87"]
[EventDate "2007.05.17"]
[EventType "team-tourn"]
[EventRounds "7"]
[EventCountry "GER"]
[SourceTitle "EXT 2008"]
[Source "ChessBase"]
[SourceDate "2007.11.25"]
[SourceVersion "1"]
[SourceVersionDate "2007.11.25"]
[SourceQuality "1"]

1. e4 e5 2. Bc4 Nf6 3. d3 Be7 4. Nc3 0-0 5. f4 exf4 6. Bxf4 Nc6 7. Nf3 d6 8. Qd2 a6 9. 0-0-0 b5 10. Bb3 Na5 11. Bd5 Nxd5 12. Nxd5 Nb7 13. Nxe7+ Qxe7 14. h3 Be6 15. Kb1 a5 16. Nd4 Qd7 17. g4 c5 18. Nf5 b4 19. Qf2 a4 20. Qh4 Bxf5 21. gxf5 f6 22. Rhg1 b3 23. cxb3 axb3 24. a3 Na5 25. Qf2 c4 26. Bh6 Rf7 27. Bxg7 Rxg7 28. Rxg7+ Kxg7 29. Rg1+ Kf7 30. Qg3 Rf8 31. Qh4 cxd3 32. Qh5+ Ke7 33. Rg7+ Kd8 34. Rxd7+ Kxd7 35. Qxh7+ Kc6 36. Qh5 Rg8 37. Qd1 Rg2 38. e5 Rf2 39. Qxd3 fxe5 40. Qa6+ Kd5 41. Qxa5+ Ke4 42. Qb4+ Kxf5 43. Qg4+ Kf6 44. Qh4+ 1-0

[Event "Niedersachsen-ch U14"]
[Site "Rotenburg/Wuemme"]
[Date "2006.04.11"]
[Round "5"]
[White "Trumpa, Jan"]
[Black "Raum, Sebastian"]
[Result "1-0"]
[WhiteElo "1113"]
[BlackElo "1434"]
[PlyCount "73"]
[EventDate "2006.04.08"]
[EventType "swiss"]
[EventRounds "9"]
[EventCountry "GER"]
[SourceTitle "EXT 2007"]
[Source "ChessBase"]
[SourceDate "2006.11.23"]
[SourceVersion "1"]
[SourceVersionDate "2006.11.23"]
[SourceQuality "1"]

1. e4 c5 2. Nf3 Nc6 3. Nc3 Nf6 4. Be2 d6 5. d3 Bd7 6. Bd2 g6 7. Qc1 Bg7 8. Bh6 0-0 9. 0-0 e6 10. Rd1 a6 11. Bxg7 Kxg7 12. d4 cxd4 13. Nxd4 e5 14. Nb3 Be6 15. Bf3 Bxb3 16. axb3 Nd4 17. Rd3 Rc8 18. Qd2 b5 19. b4 Qb6 20. b3 Rc7 21. Bd1 Rfc8 22. Nd5 Nxd5 23. exd5 Nxc2 24. Rc1 Nd4 25. Rxc7 Rxc7 26. Rh3 Nf5 27. g4 Nd4 28. Qh6+ Kg8 29. Qxh7+ Kf8 30. Qh8+ Ke7 31. g5 Nf5 32. Qf6+ Kd7 33. Rh8 Rc8 34. Qxf7+ Ne7 35. Bg4+ Kc7 36. Qxe7+ Kb8 37. Rxc8# 1-0

[Event "Niedersachsen-ch U14"]
[Site "Rotenburg/Wuemme"]
[Date "2005.03.23"]
[Round "7"]
[White "Trumpa, Jan"]
[Black "Byrohl, Chris"]
[Result "0-1"]
[WhiteElo "1026"]
[BlackElo "1136"]
[PlyCount "82"]
[EventDate "2005.03.19"]
[EventType "swiss"]
[EventRounds "9"]
[EventCountry "GER"]
[SourceTitle "EXT 2007"]
[Source "ChessBase"]
[SourceDate "2006.11.23"]
[SourceVersion "1"]
[SourceVersionDate "2006.11.23"]
[SourceQuality "1"]

1. e4 e6 2. Nf3 d5 3. e5 Nc6 4. d4 b6 5. Bb5 Bb7 6. Bd2 a6 7. Bxc6+ Bxc6 8. Nc3 Bb7 9. Qe2 c5 10. h3 cxd4 11. Nxd4 Bc5 12. Be3 Qc7 13. Nf3 Ne7 14. Bxc5 bxc5 15. 0-0 0-0 16. h4 Qc6 17. h5 h6 18. Nd1 a5 19. Ne3 Rfd8 20. Ng4 Ba6 21. Qd2 Bxf1 22. Rxf1 Nf5 23. Ng5 Qb5 24. b3 c4 25. Nf3 cxb3 26. axb3 Qb4 27. Qxb4 axb4 28. Ne3 Nxe3 29. fxe3 Rdc8 30. Nd4 Rab8 31. Kh2 Rb6 32. Kh3 Rc3 33. Rf3 Kf8 34. Kh4 Ke7 35. g4 f6 36. exf6+ gxf6 37. Rf1 Rxe3 38. Ra1 Re4 39. Ra7+ Kd6 40. Nf3 f5 41. Kg3 Rxg4+ 0-1